000 00571nam a2200193 i 4500
001 40625
003 ES-MaACL
007 t|
008 030306s1961 mx ||||1| spa d
100 1 _aCarreño, Alberto María.
_935611
245 1 0 _aMisioneros en México /
_cAlberto María Carreño.
250 _a1ª ed.
260 _aMéxico :
_bJus,
_c1961.
300 _a299 p. ;
_c24 cm.
490 1 _aFiguras y episodios de la historia de México
830 0 _aFiguras y episodios de la historia de México
_9181876
852 _aES-MaACL
_jE-9448
999 _c40625
_d40625